000 00658nam a22002297a 4500
999 _c7112
_d7112
001 7112
003 BD-JhCC
005 20180210102715.0
008 180205s50.0 bg a|||| ||b| 000 0 ben d
020 _a9840732528
035 _a(BD-JhCC)7112
040 _aBD-JhCC
_dBD-JhCC
041 _aben
082 _a597.7
_bHOS 1995
100 _aহোসেন, মোহাম্মদ
245 _aউপকারী কীটপতঙ্গ /
_cমোহাম্মদ হোসেন
260 _aঢাকা :
_bবাংলা একাডেমী,
_c1995.
300 _a106 p. :
_c22 cm.
650 _aInsects
942 _2ddc
_cBK